| 000 | 00427nam a2200181Ia 4500 | ||
|---|---|---|---|
| 005 | 20250423095848.0 | ||
| 008 | 250422s9999 xx 000 0 und d | ||
| 020 | _a0-13-500299-0 | ||
| 050 | _aHD 30.25 .G68/ | ||
| 100 | _aGould F.J. | ||
| 245 | 0 | _aIntroductory management science | |
| 260 | _aNew Jersey | ||
| 260 | _bPrentice Hall | ||
| 260 | _c1991 | ||
| 300 | _a830 p | ||
| 650 | _aManagement Science | ||
| 942 | _cBK | ||
| 999 |
_c31557 _d31557 |
||